| 000 | 01119cam a2200313 i 4500 | ||
|---|---|---|---|
| 999 |
_c54298 _d54298 |
||
| 001 | 54298 | ||
| 003 | Mx-PuUPA | ||
| 005 | 20240410104044.0 | ||
| 008 | 140415s2011 mx ad gr 001 0 spa d | ||
| 020 | _a9786074383706 | ||
| 040 |
_aMx-PuUPA _bspa _cMx-PuUPA _dMx-PuUPA _erda |
||
| 041 | 1 |
_aspa _heng |
|
| 100 | 1 |
_aStern, Patrice, _99828 _eautor |
|
| 240 | 1 | 0 |
_aLa boîte à outils du management. _lEspañol |
| 245 | 1 | 3 |
_aLa caja de herramientas : _badministración / _cPtrice Stern, Jean-Marc Schoettl |
| 250 | _aPrimera edición | ||
| 264 | 4 |
_aMéxico, D.F. : _bGrupo Editorial Patria, _c©2011 |
|
| 300 |
_ax, 179 páginas : _bilustraciones, diagramas ; _c24 cm |
||
| 336 |
_atexto _2rdacontent _btxt |
||
| 337 |
_asin medio _2rdamedia _bn |
||
| 338 |
_avolumen _2rdacarrier _bnc |
||
| 490 | 0 | _aColección La caja de herramientas | |
| 650 | _aAdministración | ||
| 700 | 1 |
_aSchoettl, Jean-Marc, _eautor |
|
| 765 | 1 | 8 |
_aStern, Patrice, _dParis : [Editor no identificado], 2009 _tLa boîte à outils du management. |
| 942 |
_2ddc _cLI _h658 _iS7991 |
||